000 00466cam a2200145 4500500
005 20251012011416.0
041 _afre
042 _adc
100 1 0 _aRogé, Antoine
_eauthor
245 0 0 _aDurée de pommes de terre façon Bergson
260 _c2015.
500 _a6
786 0 _nPhilosophie magazine | 90 | 6 | 2015-06-01 | p. 74-74 | 1951-1787
856 4 1 _uhttps://shs.cairn.info/magazine-philosophie-magazine-2015-6-page-74?lang=fr&redirect-ssocas=7080
999 _c1522925
_d1522925